Modeling Time in Computing /

Guardado en:
Detalles Bibliográficos
Autor principal: Carlo A. Furia, Dino Mandrioli, Angelo Morzenti, Matteo Rossi (autor)
Formato: Libro
Idioma:Inglés
Publicado: Berlín, Alemania : Springer, 2012, c2012
Colección:(Monographs in Theoretical Computer Science. An EATCS Series)
Acceso en línea:Ver documento en línea
Etiquetas: Agrega una etiqueta
Sin etiquetas, Sé el primero en etiquetar este registro!

MARC

LEADER 00000nam^a22000000a04500
001 000609312
009 20260512124237.644
020 |a 978-3-642-32332-4 
022 |a 2193-2069 
037 |a Acervo ITESO - Biblioteca 
041 |a ING 
082 |a Libro en línea 
100 |a Carlo A. Furia, Dino Mandrioli, Angelo Morzenti, Matteo Rossi  |e (autor) 
245 |a Modeling Time in Computing / 
264 4 |a Berlín, Alemania :  |b Springer,  |c 2012, c2012 
264 2 |a Cham, Suiza :  |b Springer Link [distribución],  |c 2025 
300 |a 1 libro electrónico en línea (XVI, 424 p.) 
300 |a 1 recurso en línea 
336 |a datos para computadora  |b cod  |2 rdacontenido 
337 |a computadora  |b c  |2 rdamedio 
338 |a recurso en línea  |b cr  |2 rdasoporte 
440 |a (Monographs in Theoretical Computer Science. An EATCS Series) 
506 0 |a Licencias ilimitadas 
567 |a Catalogación rápida 
649 |a XX 
856 4 0 |u https://link-springer-com.ezproxy.iteso.mx/10.1007/978-3-642-32332-4  |y Ver documento en línea 
910 |a Fondo General 
920 |a Electrónicos - Libros en Línea 
930 |a Plataforma Digital 
905 |a 205 
902 |a https://opac.biblio.iteso.mx/vufind/Record/000609312